| 000 | 00503nam a2200169 a 4500 | ||
|---|---|---|---|
| 005 | 20221118063940.0 | ||
| 008 | 030619s1964 mx r 000 0 spa d | ||
| 035 | _aUPN01000126179 | ||
| 049 | _aSEP | ||
| 050 | 4 |
_aLB1578 A3.51 _bM302 |
|
| 245 | 0 | 0 |
_aCartilla mexica de la huasteca 2 / _cFederico Robinson A. ... [et al.]. |
| 260 |
_aMéxico : _bSEP, _c1964. |
||
| 300 |
_a107 p. : _bprincipalmente il. |
||
| 650 | 4 |
_aCartilla náhuatl _98118 |
|
| 700 | 1 |
_aRobinson A., Federico, _ecoaut. |
|
| 905 | _aLibro | ||
| 999 |
_c98358 _d98358 |
||